| 000 | 01001cam a22003131 4500 | ||
|---|---|---|---|
| 001 | 75027 | ||
| 003 | BD-RjUL | ||
| 005 | 20211209082632.0 | ||
| 008 | 740226s1937 xx 000 0 eng | ||
| 035 | _a(BD-RjUL) | ||
| 035 | _a(OCoLC)814208 | ||
| 040 |
_aDLC _cOClU _dDLC _beng |
||
| 041 | _aeng | ||
| 042 | _apremarc | ||
| 082 |
_a631.45 _223 _bGUC1937 |
||
| 100 | 1 |
_aGustafson, A. F. _q(Axel Ferdinand), _d1880-1942. _9226859 |
|
| 245 | 1 | 0 |
_aConservation of the soil, _cby A. F. Gustafson... |
| 250 | _a1st ed. | ||
| 260 |
_aNew York and London, _bMcGraw-Hill, _c1937. |
||
| 300 |
_axvii, 312p. _billus. _c24cm. |
||
| 490 | 0 | _aMcGraw-Hill publications in the agricultural and botanical sciences, E. W. Sinnott, consulting editor | |
| 504 | _aBibliography at end of some of the chapters. | ||
| 650 | 0 |
_aErosion _9226860 |
|
| 650 | 0 |
_aSoils _zUnited States _9226861 |
|
| 906 |
_a7 _bcbc _coclcrpl _du _encip _f19 _gy-gencatlg |
||
| 942 |
_2ddc _cBK |
||
| 999 |
_c75027 _d75027 |
||